000 00841nam a2200217Ia 4500
003 OSt
005 20240628102659.0
008 210719s1999 xx 000 0 und d
040 _cAL
041 _aKonkani
082 _a891.468 BAND
100 _dSt Aloysius College
_9171872
_aಸಾಂ ಲುವಿಸ್ ಕೊಲೆಜ್
245 _aBANDADETHAVN KENARA kristavanche sutkecho dvishatamanotsav. 1799-1999.
_bಬಂದಡೆಥಾವ್ನ್ ಕೆನರಾ ಕ್ರಿಸ್ತಾಂವಾಂಚೆ ಸುಟ್ಕೆಚೊ ದ್ವಿಶತಮಾನೋತ್ಸವ್. 1799-1999.
260 _aManglur.
_bSt Aloysius College
_c1999
300 _a16
_bPB
365 _cRs
650 _aKonkani Miscellaneous
_9171873
650 _aKanara 200 Captivity Mass
_9171874
906 _aKanara 200 Captivity Mass
942 _2ddc
_cBK
999 _c213448
_d213448